00462 a2200169 450000100060000008200170000609000170002310000190004024500160005925000060007526000370008130000130011850000170013194200270014899900190017595200980019492056 a891.4391 PER c44016d44015 aPerveen Shakir aKhud kalami a1 aLahorebMurad Publicationsc1994 a895pbHb aGeneral Book aCAE NUSTk891.4391 PER c327129d327129 001040708NFICaCAEbCAEd2017-04-03l0o891.4391 PERpCAE88442r2017-04-05w2017-04-05yBK